Städte Frankreichs - Bilderquiz - Statistiken

Allgemein
  • Dieses Quiz wurde 68 mal gespielt
  • Das Durchschnittsergebnis liegt bei 12 aus 20
Antwortstatistiken
Bildquiz Antwort % Korrekt
Paris
100%
Bordeaux
93%
Nizza
91%
Lyon
89%
Straßburg
86%
Lille
74%
Nantes
74%
Toulouse
74%
Marseille
70%
Reims
67%
Grenoble
60%
Avignon
54%
Versailles
49%
Le Havre
44%
Metz
42%
Arles
35%
Rouen
32%
Amiens
26%
Ajaccio
23%
Carcasonne
23%
Keine übereinstimmenden Quizze gefunden
Verteilung der Resultate
Anzahl Personen mit jedem Resultat
Perzentil nach korrekt beantworteten Fragen
Ihre Resultats-Entwicklung
Sie haben dieses Quiz noch nicht gespielt